Social responsibility of business enterprises / (Record no. 122987)

MARC details
000 -LEADER
fixed length control field 00833nam a22002537a 4500
003 - CONTROL NUMBER IDENTIFIER
control field 0
005 - DATE AND TIME OF LATEST TRANSACTION
control field 20180802123613.0
008 - FIXED-LENGTH DATA ELEMENTS--GENERAL INFORMATION
fixed length control field 0
010 ## - LIBRARY OF CONGRESS CONTROL NUMBER
LC control number B-219837
020 ## - INTERNATIONAL STANDARD BOOK NUMBER
Terms of availability 580.00
International Standard Book Number 9798177080840
035 ## - SYSTEM CONTROL NUMBER
System control number B-219837, B-219838, B-219842
037 ## - SOURCE OF ACQUISITION
Source of stock number/acquisition Cen Lib/Ret
040 ## - CATALOGING SOURCE
Original cataloging agency DPL
Language of cataloging HN
Transcribing agency 0
082 ## - DEWEY DECIMAL CLASSIFICATION NUMBER
Classification number 338.7
Item number SAR
100 ## - MAIN ENTRY--PERSONAL NAME
Personal name Sarkar,C.R.
9 (RLIN) 72896
245 ## - TITLE STATEMENT
Title Social responsibility of business enterprises /
Statement of responsibility, etc by C.R.Sarkar
260 ## - PUBLICATION, DISTRIBUTION, ETC. (IMPRINT)
Place of publication, distribution, etc New Delhi
Name of publisher, distributor, etc New century publications
Date of publication, distribution, etc 2005
270 ## - ADDRESS
Address 4800/24,Bharat Ram Road,Ansari road Darya Ganj
City New Delhi
Postal code 110002
300 ## - PHYSICAL DESCRIPTION
Extent xii,260p.
Dimensions 21cm (Hb)
500 ## - GENERAL NOTE
General note Includes bibliography reference and index
650 ## - SUBJECT ADDED ENTRY--TOPICAL TERM
Topical term or geographic name as entry element Social responsibility of business
9 (RLIN) 7883
650 ## - SUBJECT ADDED ENTRY--TOPICAL TERM
Topical term or geographic name as entry element Social responsibility of business -- India
9 (RLIN) 72897
942 ## - ADDED ENTRY ELEMENTS (KOHA)
Source of classification or shelving scheme Dewey Decimal Classification
Koha item type English Books
Classification part 338.7
Call number suffix SAR
Holdings
Withdrawn status Lost status Damaged status Not for loan Home library Current library Date acquired Source of acquisition Cost, normal purchase price Total Checkouts Full call number Barcode Date last seen Copy number Cost, replacement price Price effective from Koha item type Source of classification or shelving scheme Collection code
        Central Library Central Library 01/06/2015 Cen Lib/Ret 580.00   338.7 SAR B-219837 01/06/2015 1 580.00 01/06/2015 English Books    
        Patel Nagar Patel Nagar 21/07/2018 BPPD/Pub 580.00   338.7 SAR B-219838 21/07/2018   580.00 21/07/2018 English Books Dewey Decimal Classification Non-fiction
        Shahdara Branch Shahdara Branch 02/08/2018 BPPD/PUB 580.00   338.7 SAR B-219842 02/08/2018   580.00 02/08/2018 English Books Dewey Decimal Classification Non-fiction

© Delhi Public Library
Hit Counter
free hit counter